00676nam a22002297a 450000500170000001000110001702000100002803500110003803700160004904000120006508200160007710000230009324500980011626000510021427000140026530000240027950000470030365000280035065000210037870000250039970000220042420170124110033.0 a560384 c00.00 a560384 bCen Lib/Ret aDPLbEN a370.15bPRE aPressey, Sidney L. aPsychology in education /cby Sidney L. Pressey, Francis P. Robbinson [and] John E. Horrocks  aNew York bHarper & Brothers Publishers c1959 bNew York  axi, 658p.c22cm(Hb) aIncludes bibliographical references index  aEducational psychology  aPhysical growth  aRobinson, Francis P. aHorrocks, John E.